Modern Architecture in Britain /
Gespeichert in:
| Hauptverfasser: | , |
|---|---|
| Format: | Buch |
| Sprache: | Englisch |
| Veröffentlicht: |
London:
B. T. Batsford Ltd.,
1959
|
| Ausgabe: | 1. vydanie |
| Schlagworte: | |
| Tags: |
Keine Tags, Fügen Sie das erste Tag hinzu!
|
MARC
| LEADER | 00000nam a22000003a 4500 | ||
|---|---|---|---|
| 001 | 0108794 | ||
| 003 | SK-STU | ||
| 005 | 20240321150022.9 | ||
| 007 | ta | ||
| 008 | 240321s ----xo-----e------000-0-----d | ||
| 040 | |a STU |b slo | ||
| 041 | 0 | |a eng | |
| 044 | |a xxk | ||
| 100 | 1 | |a Dannatt, Trevor |4 aut | |
| 245 | 1 | 0 | |a Modern Architecture in Britain / |c aut. Trevor Dannatt, John Summerson |
| 250 | |a 1. vydanie | ||
| 260 | |a London: |b B. T. Batsford Ltd., |c 1959 | ||
| 300 | |a 216 s. | ||
| 650 | 0 | 7 | |a moderná architektúra |
| 650 | 0 | 7 | |a Veľká Británia |
| 650 | 0 | 7 | |a priemyselné budovy |
| 650 | 0 | 7 | |a administratívne budovy |
| 650 | 0 | 7 | |a obchody-butiky |
| 650 | 0 | 7 | |a showroom |
| 650 | 0 | 7 | |a školy |
| 650 | 0 | 7 | |a sociálne nízkonákladové bývanie |
| 650 | 0 | 7 | |a občianske budovy |
| 700 | 1 | |a Summerson, John |4 aut | |
| 996 | |b 284AU09966 |c A* 13334/U |l AAKNAR |s A |a 24 |w 0108794_0001 | ||